Optimalizácia viacbodového derivačného zákona vstreku vznetového TDI motora FIFTH 2L PCR v jednobodovom teste v režime otáčok n=1500 min-1 a pe=0,4 MPa (Optimalization of the multipoint derivative injection law of diesel TDI engine FIFTH 2L PCR in single-point test by engine rpm n=1500min-1 and pe=0,4MPa) [CD-ROM] : Bakalárska práca
Na minha lista:
| Autor principal: | |
|---|---|
| Outros Autores: | |
| Formato: | Manuscrito Livro |
| Idioma: | eslovaco |
| Publicado em: |
Bratislava :
STU v Bratislave SjF,
2008
|
| Assuntos: | |
| Tags: |
Sem tags, seja o primeiro a adicionar uma tag!
|
MARC
| LEADER | 00000ntm a22000003a 4500 | ||
|---|---|---|---|
| 001 | stu179605 | ||
| 005 | 20150617230045.1 | ||
| 008 | 090210s2008----xo------------------slo-d | ||
| 040 | |a STU |b slo | ||
| 041 | 0 | |a slo | |
| 044 | |a xo | ||
| 100 | 1 | |a Lipár, Slavomír, |d 1985- |4 aut |u J0020 |9 100 |U SjF Strojnícka fakulta |T SjF Ústav automatizácie, merania a aplikovanej informatiky |X 13154 |U J0020 |Y 802 |7 A000013154 | |
| 245 | 1 | |a Optimalizácia viacbodového derivačného zákona vstreku vznetového TDI motora FIFTH 2L PCR v jednobodovom teste v režime otáčok n=1500 min-1 a pe=0,4 MPa (Optimalization of the multipoint derivative injection law of diesel TDI engine FIFTH 2L PCR in single-point test by engine rpm n=1500min-1 and pe=0,4MPa) [CD-ROM] : |b Bakalárska práca | |
| 260 | |a Bratislava : |b STU v Bratislave SjF, |c 2008 | ||
| 300 | |a 40 s | ||
| 650 | 7 | |a vznetový motor |2 stusub | |
| 650 | 7 | |a derivačný zákon |2 stusub | |
| 650 | 7 | |a diesel engine |2 estusub | |
| 650 | 7 | |a derivative injection law |2 estusub | |
| 700 | 1 | |a Urban, Jaroslav, |d 1927- |4 xxx |u J0030 |U SjF Strojnícka fakulta |T SjF Ústav dopravnej techniky a konštruovania |X 2447 |U J0030 |Y 806 |7 A000002447 | |
| 700 | 1 | |a Polóni, Marián, |d 1948- |4 csl |u J0030 |U SjF Strojnícka fakulta |T SjF Ústav dopravnej techniky a konštruovania |X 2462 |U J0030 |Y 806 |7 A000002462 | |
| 996 | |b 284J035246 |c J*246/BP |l JJSK |s A |a 24 |w stu179605_0001 | ||